Viet Nam, Laos ou Cambodge ? - Statistiques

Statistiques générales
  • Ce quiz a été pris 303 fois
  • Le résultat moyen est 9 sur 15
Statistiques - réponses
Question Réponse % Correct
Quel pays est le plus peuplé? Viet Nam
94%
D'où est originaire Ho Chi Minh ? Viet Nam
88%
Quel pays accueille le plus de touristes ? Viet Nam
85%
D'où venait les Khmers Rouges ? Cambodge
83%
Quel pays partage une frontière avec la Birmanie ? Laos
80%
Quel est le seul pays qui a des médailles olympiques ? Viet Nam
78%
Quel pays a la diaspora la plus présente en France ? Viet Nam
70%
Quel pays a pour monnaie le Riel ? Cambodge
65%
Quel pays a une monarchie constitutionnelle ? Cambodge
62%
Quel pays est le plus bouddhiste ? Cambodge
48%
Quel pays a pour animal national l'éléphant d'Asie ? Laos
46%
Et lequel à sa fête nationale le 2 décembre ? Laos
41%
Quel pays est devenu indépendant le 19 juillet 1949 ? Laos
33%
Quel est le pays le plus bombardé de l'histoire ? Laos
29%
Quel pays a le PIB par habitant le plus faible ? Cambodge
22%
Aucun quiz correspondant
Distribution des résultats
% des personnes avec chaque résultat
Percentile par nombre de réponses
Votre historique - résultats
Vous n’avez pas pris ce quiz